[Event "London Classic Open 2015"]
[Site "London ENG"]
[Date "2015.12.07"]
[Round "5.44"]
[White "Beinoras, Mindaugas"]
[Black "Vanheirzeele, Daniel"]
[Result "1-0"]
[WhiteTitle "IM"]
[WhiteElo "2344"]
[BlackElo "2138"]
[WhiteFideId "12802085"]
[BlackFideId "200425"]
[EventDate "2015.12.04"]

1. d4 e6 2. c4 Nf6 3. Nf3 b6 4. g3 Ba6 5. Qc2 Bb4+ 6. Nbd2 Bb7 7. Bg2 Be4 8. Qb3
Bxd2+ 9. Bxd2 O-O 10. O-O d6 11. Rfd1 Nbd7 12. Bh3 Re8 13. Rac1 Qe7 14. Nh4 Bb7
15. f3 e5 16. Nf5 Qf8 17. dxe5 Rxe5 18. e4 Nc5 19. Qe3 Ree8 20. Bc3 Ncd7 21. Qg5
Ne5 22. Bg2 Re6 23. b3 Nfd7 24. f4 h6 25. Qh4 Ng6 26. Qg4 Nf6 27. Bxf6 1-0

[Event "London Classic Open 2015"]
[Site "London ENG"]
[Date "2015.12.07"]
[Round "5.45"]
[White "Jones, Steven A"]
[Black "Papp, Petra"]
[Result "1/2-1/2"]
[BlackTitle "WGM"]
[WhiteElo "2160"]
[BlackElo "2336"]
[WhiteFideId "419630"]
[BlackFideId "739049"]
[EventDate "2015.12.04"]

1. d4 Nf6 2. c4 g6 3. Nc3 d5 4. cxd5 Nxd5 5. e4 Nxc3 6. bxc3 Bg7 7. Be3 c5 8.
Rc1 Qa5 9. Qd2 O-O 10. Nf3 Rd8 11. d5 e6 12. Bg5 f6 13. Be3 b6 14. h4 Ba6 15.
Bxa6 Nxa6 16. h5 Qa4 17. c4 exd5 18. exd5 Qb4 19. hxg6 hxg6 20. Kf1 Qxd2 21.
Nxd2 Re8 22. Bh6 Nb4 23. Bxg7 Kxg7 24. a3 Nd3 25. Rb1 Ne5 26. Rh3 Nf7 1/2-1/2

[Event "London Classic Open 2015"]
[Site "London ENG"]
[Date "2015.12.07"]
[Round "5.46"]
[White "Van De Perre, Tom"]
[Black "Buchicchio, Giampaolo"]
[Result "0-1"]
[BlackTitle "FM"]
[WhiteElo "2042"]
[BlackElo "2313"]
[WhiteFideId "209040"]
[BlackFideId "811491"]
[EventDate "2015.12.04"]

1. e4 c5 2. Nf3 Nc6 3. Bb5 Nf6 4. Bxc6 dxc6 5. d3 g6 6. h3 Bg7 7. O-O O-O 8. Nc3
a5 9. Be3 Nd7 10. Qd2 Re8 11. a4 e5 12. Nh2 b6 13. Bh6 Bh8 14. f4 exf4 15. Qxf4
Ne5 16. Nf3 Ra7 17. Bg5 f6 18. Bh4 g5 19. Nxg5 fxg5 20. Bxg5 Qd4+ 21. Kh1 Ng6
22. Qd2 Rf8 23. Rxf8+ Kxf8 24. Rf1+ Rf7 25. Rxf7+ Kxf7 26. h4 Bg4 27. Qe1 Be5 0-1

[Event "London Classic Open 2015"]
[Site "London ENG"]
[Date "2015.12.07"]
[Round "5.47"]
[White "Krokay, Urszula"]
[Black "Summerscale, Aaron P"]
[Result "1-0"]
[BlackTitle "GM"]
[WhiteElo "2009"]
[BlackElo "2418"]
[WhiteFideId "1125508"]
[BlackFideId "400980"]
[EventDate "2015.12.04"]

1. e4 e6 2. d4 d5 3. Nd2 c5 4. Ngf3 Nf6 5. e5 Nfd7 6. c3 b6 7. Qa4 Be7 8. Bd3 c4
9. Bb1 a6 10. Nf1 Bb7 11. Ng3 Nc6 12. Nh5 g6 13. Ng3 b5 14. Qd1 Qb6 15. Ng5 h6
16. Nf3 O-O-O 17. Bc2 b4 18. O-O bxc3 19. bxc3 Qa5 20. Ne2 Na7 21. a4 Kc7 22.
Bb2 Rb8 23. Qc1 Kc8 24. Ba3 Qd8 25. Bd6 Bxd6 26. exd6 Nc6 27. Qa3 Qa5 28. Rab1
g5 29. h3 f6 30. Rfe1 Nd8 31. Ng3 h5 32. Bg6 h4 33. Nf1 Bc6 34. Bc2 Rxb1 35.
Rxb1 Nb6 36. Ne3 Nb7 37. Ng4 Rf8 38. Rxb6 Qxb6 39. d7+ Kxd7 40. Qxf8 Qb2 41.
Qg7+ Kd6 42. Ne3 1-0

[Event "London Classic Open 2015"]
[Site "London ENG"]
[Date "2015.12.07"]
[Round "5.48"]
[White "Galyas, Miklos"]
[Black "De Abreu, Roberto N"]
[Result "1-0"]
[WhiteTitle "IM"]
[BlackTitle "FM"]
[WhiteElo "2465"]
[BlackElo "2056"]
[WhiteFideId "707244"]
[BlackFideId "14307472"]
[EventDate "2015.12.04"]

1. c4 c5 2. g3 Nc6 3. Bg2 g6 4. Nc3 Bg7 5. Nf3 e5 6. O-O d6 7. a3 a5 8. Ne1 Be6
9. d3 Nge7 10. Nc2 O-O 11. Ne3 h6 12. Ned5 Kh7 13. Rb1 Rb8 14. Bd2 f5 15. b4
axb4 16. axb4 cxb4 17. Nxb4 Nxb4 18. Rxb4 d5 19. cxd5 Nxd5 20. Rb5 Nxc3 21. Bxc3
Qd7 22. Qb1 Rfc8 23. Bxe5 Bxe5 24. Rxe5 b5 25. Qb4 Rc2 26. Bf3 g5 27. g4 Re8 28.
Rxb5 fxg4 29. Rb7 Rc7 30. Qe4+ Kg8 31. Qg6+ Kf8 32. Qxh6+ Qg7 33. Qxg7+ Rxg7 34.
Rxg7 Kxg7 35. Be4 Rb8 36. Ra1 Rb2 37. e3 Rd2 38. Kg2 Kf6 39. Ra6 Kf7 40. Ra7+
Kf6 41. Rc7 Rd1 42. Rh7 Bf7 43. h3 gxh3+ 44. Rxh3 Kg7 45. Rg3 Kh6 46. Rf3 Bh5
47. Rh3 g4 48. Rh1 Rd2 49. Kg3 Rb2 50. Rc1 Rb5 51. d4 Rb2 52. Rc2 Rb3 53. Rc6+ 1-0

[Event "London Classic Open 2015"]
[Site "London ENG"]
[Date "2015.12.07"]
[Round "5.49"]
[White "Jackson, James P"]
[Black "Burke, John S"]
[Result "1-0"]
[WhiteTitle "FM"]
[WhiteElo "2355"]
[BlackElo "2049"]
[WhiteFideId "416860"]
[BlackFideId "404322"]
[EventDate "2015.12.04"]

1. e4 d6 2. d4 Nf6 3. Nc3 g6 4. f4 Bg7 5. Nf3 O-O 6. Bd3 Na6 7. O-O c5 8. d5 Bg4
9. a3 Nc7 10. Qe1 Bxf3 11. Rxf3 e6 12. dxe6 fxe6 13. Qh4 d5 14. exd5 Nfxd5 15.
Qxd8 Raxd8 16. Ne4 b6 17. c3 e5 18. Bc4 Kh8 19. fxe5 Rxf3 20. gxf3 Bxe5 21. Bh6
Bg7 22. Bg5 Rf8 23. Rd1 Rf5 24. Bc1 Re5 25. Nd6 Kg8 26. Bf4 Rh5 27. Nf5 1-0

[Event "London Classic Open 2015"]
[Site "London ENG"]
[Date "2015.12.07"]
[Round "5.50"]
[White "Bates, Richard A"]
[Black "Myall, Ivan J"]
[Result "1-0"]
[WhiteTitle "IM"]
[WhiteElo "2331"]
[BlackElo "2048"]
[WhiteFideId "403555"]
[BlackFideId "425168"]
[EventDate "2015.12.04"]

1. d4 Nf6 2. Nf3 d5 3. c4 e6 4. g3 Be7 5. Bg2 O-O 6. O-O dxc4 7. Qc2 a6 8. a4
Nc6 9. Qxc4 Qd5 10. Nbd2 Rd8 11. e3 Qxc4 12. Nxc4 Rb8 13. Bd2 Ne4 14. Rfc1 Nb4
15. Bxb4 Bxb4 16. Nfe5 Nd6 17. Nd3 a5 18. Nxb4 axb4 19. Nxd6 cxd6 20. Rc4 d5 21.
Rxb4 Bd7 22. a5 g6 23. Rb6 Rdc8 24. b4 Rc6 25. Rxc6 Bxc6 26. Bf1 Bd7 27. Rc1 Rc8
28. Rxc8+ Bxc8 29. Bg2 Kf8 30. e4 dxe4 31. Bxe4 Ke7 32. b5 Kd6 33. b6 e5 34.
dxe5+ Kc5 35. f4 Kb5 36. Bd5 Be6 37. Bxe6 fxe6 38. g4 Kxa5 39. f5 1-0

[Event "London Classic Open 2015"]
[Site "London ENG"]
[Date "2015.12.07"]
[Round "5.51"]
[White "Jameson, David"]
[Black "Radovanovic, Jovica"]
[Result "1/2-1/2"]
[BlackTitle "FM"]
[WhiteElo "2088"]
[BlackElo "2321"]
[WhiteFideId "1801538"]
[BlackFideId "915912"]
[EventDate "2015.12.04"]

1. d4 Nf6 2. Nf3 g6 3. c4 Bg7 4. Nc3 d6 5. e4 O-O 6. Be2 Nbd7 7. O-O e5 8. dxe5
dxe5 9. Qc2 c6 10. h3 Qe7 11. Bg5 h6 12. Be3 Nh5 13. Rfd1 f5 14. exf5 gxf5 15.
Nxe5 Nxe5 16. Bxh5 Qh4 17. Bc5 Qxh5 18. Bxf8 Bxf8 19. Ne2 Be6 20. Nf4 Qf7 21. b3
Re8 22. Re1 Bg7 23. Rad1 Bc8 24. Re3 Kh7 25. Rde1 Bd7 26. Kf1 c5 27. Nd3 Nxd3
28. Qxd3 Bd4 29. Rxe8 Bxe8 30. Qe2 Bc6 31. Qe7 Kg7 32. Qd8 Be4 33. Rd1 Qf6 34.
Qc7+ Qf7 35. Qf4 Kh7 36. g4 Qg6 37. Re1 Bf6 38. f3 Bd3+ 39. Kg2 h5 40. Rd1 Bc2
41. Rd7+ Bg7 42. Rxb7 fxg4 43. hxg4 hxg4 44. Rxa7 gxf3+ 45. Kxf3 Bd1+ 46. Ke3
Qg1+ 47. Qf2 1/2-1/2

[Event "London Classic Open 2015"]
[Site "London ENG"]
[Date "2015.12.07"]
[Round "5.52"]
[White "Liu, Yi"]
[Black "Bullen, Alex"]
[Result "1/2-1/2"]
[WhiteTitle "FM"]
[WhiteElo "2306"]
[BlackElo "2026"]
[WhiteFideId "3210588"]
[BlackFideId "1801627"]
[EventDate "2015.12.04"]

1. d4 d5 2. c4 e6 3. Nc3 Nf6 4. cxd5 exd5 5. Bg5 Nbd7 6. e3 c6 7. Bd3 Be7 8.
Nge2 Nh5 9. Bxe7 Qxe7 10. g4 Nhf6 11. Ng3 g6 12. h4 h5 13. g5 Ng8 14. Qc2 Nb6
15. O-O-O Be6 16. f4 O-O-O 17. f5 gxf5 18. Bxf5 Nc4 19. Rde1 Qd6 20. Qf2 Ne7 21.
Bd3 Qb4 22. Kb1 Rdf8 23. Rh2 a5 24. Ka1 a4 25. Qc2 a3 26. b3 Nb2 27. Rf1 Nxd3
28. Qxd3 Kb8 29. Nce2 Bg4 30. Qc3 Qd6 31. Rhf2 Ng6 32. Rxf7 Nxh4 33. R1f6 Be6
34. Rxf8+ Rxf8 35. Nf4 Rxf6 36. gxf6 Bf7 37. Qc5 Kc7 38. Ngxh5 Bxh5 39. Nxh5
Qxc5 40. dxc5 Kd7 41. Ng7 Ng2 42. Nf5 Ke6 43. Nd6 Kxf6 44. Nxb7 Nxe3 45. Kb1 d4
46. Na5 Ke6 47. Nxc6 Kd5 48. Nb4+ Kxc5 49. Nc2 Nd5 50. Nxa3 d3 51. Nc4 1/2-1/2

[Event "London Classic Open 2015"]
[Site "London ENG"]
[Date "2015.12.07"]
[Round "5.53"]
[White "Gaudeau, Valentin"]
[Black "Watson, John L"]
[Result "0-1"]
[BlackTitle "IM"]
[WhiteElo "2080"]
[BlackElo "2277"]
[WhiteFideId "662216"]
[BlackFideId "2000768"]
[EventDate "2015.12.04"]

1. d4 d5 2. Bf4 c5 3. e3 Nc6 4. c3 Nf6 5. Nd2 Bf5 6. Qb3 Qd7 7. dxc5 e5 8. Bg3
Bxc5 9. Ngf3 Qe7 10. Bb5 Bd6 11. O-O O-O 12. Rfe1 a6 13. Be2 b5 14. a4 Na5 15.
Qa2 b4 16. cxb4 Nc6 17. Nh4 Bc2 18. b3 Nxb4 19. Qb2 Rac8 20. Rec1 Rc6 21. Nhf3
Nd7 22. Ne1 Rfc8 23. Bd1 Bf5 24. Ndf3 f6 25. Qd2 a5 26. Rxc6 Rxc6 27. Rc1 Nc5
28. Qe2 Qb7 29. Nd4 exd4 30. Bxd6 d3 31. Qb2 d2 32. Qxd2 Ne4 33. Bxb4 Nxd2 34.
Bxd2 Rxc1 35. Bxc1 Qb4 0-1

[Event "London Classic Open 2015"]
[Site "London ENG"]
[Date "2015.12.07"]
[Round "5.54"]
[White "Seymour, Timothy P"]
[Black "Ronka, Erik"]
[Result "0-1"]
[WhiteElo "2080"]
[BlackElo "2248"]
[WhiteFideId "412112"]
[BlackFideId "505080"]
[EventDate "2015.12.04"]

1. e4 c6 2. Nc3 d5 3. Nf3 a6 4. d4 Bg4 5. h3 Bh5 6. g4 Bg6 7. Ne5 e6 8. exd5
cxd5 9. h4 f6 10. h5 Bxc2 11. Qxc2 fxe5 12. dxe5 Nc6 13. f4 Nh6 14. f5 Nxg4 15.
fxe6 Be7 16. Bf4 Bh4+ 17. Kd2 O-O 18. Ne2 Bg5 19. Bxg5 Qxg5+ 20. Ke1 Ncxe5 21.
Nd4 Qe3+ 22. Ne2 Nf3+ 23. Kd1 Nf2# 0-1

[Event "London Classic Open 2015"]
[Site "London ENG"]
[Date "2015.12.07"]
[Round "5.56"]
[White "Fraser-Mitchell, Jeremy N"]
[Black "Haussernot, Cecile"]
[Result "1-0"]
[BlackTitle "WFM"]
[WhiteElo "2062"]
[BlackElo "2242"]
[WhiteFideId "405000"]
[BlackFideId "601632"]
[EventDate "2015.12.04"]

1. d4 Nf6 2. c4 e6 3. Nc3 Bb4 4. e3 O-O 5. Ne2 b6 6. a3 Be7 7. Nf4 d5 8. cxd5
Nxd5 9. Nfxd5 exd5 10. Qh5 Be6 11. Bd3 f5 12. O-O Nd7 13. Qf3 c6 14. Bd2 Bd6 15.
g3 Kh8 16. Qg2 Nf6 17. f3 c5 18. Rae1 a6 19. Kh1 Qd7 20. Qe2 b5 21. dxc5 Bxc5
22. b4 Bb6 23. a4 Rae8 24. axb5 d4 25. Na4 Ba7 26. Nc5 Qd6 27. Nxe6 Rxe6 28.
Bxf5 Re7 29. e4 d3 30. Qd1 axb5 31. Qb3 Nh5 32. Kg2 Bb8 33. f4 Qc6 34. Rc1 Qd6
35. e5 Qb6 36. Qxd3 Rd8 37. Qxd8+ 1-0

[Event "London Classic Open 2015"]
[Site "London ENG"]
[Date "2015.12.07"]
[Round "5.57"]
[White "Britton, Richard L"]
[Black "Iyengar, Ilya"]
[Result "1-0"]
[WhiteTitle "FM"]
[WhiteElo "2238"]
[BlackElo "2023"]
[WhiteFideId "401692"]
[BlackFideId "405949"]
[EventDate "2015.12.04"]

1. e4 c5 2. Nf3 e6 3. d4 cxd4 4. Nxd4 Nf6 5. Nc3 d6 6. Be2 a6 7. O-O Qc7 8. f4
Be7 9. Be3 b5 10. e5 dxe5 11. fxe5 Nfd7 12. Bf3 Bb7 13. Bxb7 Qxb7 14. Qg4 g5 15.
Qh5 Nxe5 16. Nxe6 Nbd7 17. Ng7+ Kd8 18. Nf5 f6 19. Rad1 Bf8 20. Nd5 Kc8 21. Qe8# 1-0

[Event "London Classic Open 2015"]
[Site "London ENG"]
[Date "2015.12.07"]
[Round "5.58"]
[White "Feldman, Antony"]
[Black "Prosviriakov, Vladimir"]
[Result "1/2-1/2"]
[BlackTitle "IM"]
[WhiteElo "2024"]
[BlackElo "2232"]
[WhiteFideId "2804565"]
[BlackFideId "2004860"]
[EventDate "2015.12.04"]

1. c4 e5 2. Nc3 d6 3. g3 f5 4. Bg2 Nf6 5. e3 Be7 6. Nge2 O-O 7. d3 Kh8 8. O-O
Qe8 9. b3 Nc6 10. a3 a5 11. d4 Qg6 12. Nd5 Bd8 13. Bb2 e4 14. Ndf4 Qf7 15. d5
Ne5 16. Nd4 a4 17. Nfe6 Re8 18. f3 Nd3 19. Bc3 Nc5 20. Nxd8 Rxd8 21. b4 exf3 22.
Rxf3 Nce4 23. Bb2 Qg6 24. Qe2 Ng5 1/2-1/2

[Event "London Classic Open 2015"]
[Site "London ENG"]
[Date "2015.12.07"]
[Round "5.59"]
[White "Gschwendtner, Stanislav"]
[Black "Lercel, Michal"]
[Result "0-1"]
[WhiteElo "2003"]
[BlackElo "2228"]
[WhiteFideId "307297"]
[BlackFideId "1114700"]
[EventDate "2015.12.04"]

1. Nf3 Nf6 2. c4 g6 3. Nc3 Bg7 4. d4 O-O 5. e4 d6 6. h3 e5 7. d5 a5 8. Be2 Na6
9. g4 Nc5 10. Qc2 c6 11. Bg5 cxd5 12. cxd5 Bd7 13. Nd2 Rc8 14. Qd1 b5 15. Nxb5
Bxb5 16. Bxb5 Qb6 17. Be2 Nfxe4 18. Nxe4 Nxe4 19. Be3 Nc5 20. h4 f5 21. gxf5
gxf5 22. h5 e4 23. Rg1 Kh8 24. Rxg7 Kxg7 25. h6+ Kf7 26. Bc4 Ke7 27. Qh5 Kd7 28.
Kd2 Kc7 29. Rg1 f4 30. Rg7+ Kb8 31. Bxc5 Qxc5 0-1

[Event "London Classic Open 2015"]
[Site "London ENG"]
[Date "2015.12.07"]
[Round "5.60"]
[White "Semprun Martinez, Fernando"]
[Black "Riedener, Toni"]
[Result "0-1"]
[WhiteElo "2200"]
[BlackElo "2005"]
[WhiteFideId "2203170"]
[BlackFideId "1302698"]
[EventDate "2015.12.04"]

1. e4 c5 2. Nf3 d6 3. d4 cxd4 4. Nxd4 Nf6 5. Nc3 a6 6. Bg5 Nbd7 7. Qe2 Qc7 8.
O-O-O b5 9. f4 e6 10. g4 b4 11. Nd5 Nxd5 12. exd5 e5 13. Bg2 h6 14. Bh4 g5 15.
fxg5 Be7 16. Nf5 Bxg5+ 17. Bxg5 hxg5 18. Ng7+ Ke7 19. Qd2 f6 20. h4 gxh4 21. g5
Qc4 22. Nf5+ Kf8 23. g6 Rh5 24. Kb1 Qf4 25. Qxf4 exf4 26. Nxd6 Ne5 27. Nxc8 Rxc8
28. Rd4 Rc4 29. Rxc4 Nxc4 30. Kc1 Ne5 31. Rd1 h3 32. Bh1 Rg5 33. Kd2 Rxg6 34.
Ke2 h2 35. Kf2 Ng4+ 36. Ke2 Ne3 37. Re1 Nxc2 38. Rf1 Rg1 39. Kf2 Rxf1+ 40. Kxf1
Ne3+ 41. Ke2 Nc4 42. b3 Ne5 43. Kf2 Ke7 44. Kg2 f3+ 45. Kxh2 Kd6 46. Kg3 Kxd5
47. Kf4 Kd4 48. Kf5 a5 49. Kxf6 f2 50. Bg2 Ng4+ 51. Ke6 Kc5 52. Bh3 Ne3 53. Ke5
f1=Q 54. Bxf1 Nxf1 55. Ke4 Nd2+ 56. Kd3 Nb1 57. Kc2 Na3+ 58. Kb2 Kd4 59. Ka1
Nc2+ 60. Kb2 Kd3 61. Kc1 Kc3 62. Kb1 Nd4 63. Ka1 Nxb3+ 64. axb3 Kxb3 65. Kb1 Ka3
66. Ka1 b3 67. Kb1 b2 68. Kc2 Ka2 69. Kd2 b1=Q 70. Ke3 Kb3 71. Kf4 Qe1 72. Kf5
a4 73. Kf4 a3 74. Kf5 a2 75. Kf4 a1=Q 76. Kf3 Qf6+ 77. Kg2 Qff2+ 78. Kh3 Qg3# 0-1

[Event "London Classic Open 2015"]
[Site "London ENG"]
[Date "2015.12.07"]
[Round "5.61"]
[White "Odeh, Kenneth"]
[Black "Ilfeld, Etan"]
[Result "0-1"]
[WhiteElo "2000"]
[BlackElo "2199"]
[WhiteFideId "8500142"]
[BlackFideId "2803470"]
[EventDate "2015.12.04"]

1. e4 e5 2. Nf3 Nc6 3. Bb5 a6 4. Bxc6 dxc6 5. O-O f6 6. d4 exd4 7. Nxd4 c5 8.
Nb3 Qxd1 9. Rxd1 Bd7 10. Nc3 Bd6 11. Be3 b6 12. Nd5 Rb8 13. Rd2 Ne7 14. c4 Nxd5
15. exd5 O-O 16. Nc1 Rbe8 17. Nd3 Re4 18. b3 Rfe8 19. Rdd1 Bf5 20. a4 a5 21. Ra2
g5 22. Raa1 h6 23. h3 Bg6 24. Rac1 Kg7 25. Ne1 f5 26. Nf3 g4 27. hxg4 fxg4 28.
Nd2 R4e7 29. Nf1 g3 30. Re1 Bf4 31. Rc3 Be5 32. Rcc1 Bb2 33. Rcd1 Bc3 34. Bd2
gxf2+ 35. Kxf2 Bd4+ 36. Be3 Be5 37. Rc1 Bb2 38. Rcd1 Bc3 39. Bd2 Bd4+ 40. Be3
Rf7+ 41. Kg3 Be5+ 42. Kh3 Bc2 43. Rc1 Bxb3 44. Bd2 Rfe7 45. Ne3 Kg6 46. Ng4 Bd4
47. Rf1 Bxa4 48. Kg3 h5 49. Rh1 hxg4 50. Rh6+ Kg7 51. Rch1 Bc2 52. d6 cxd6 53.
R6h5 Re6 54. Bh6+ Kg8 55. Rg5+ Rg6 56. Rgh5 a4 57. Bc1 a3 58. Bf4 a2 59. Bc1
a1=Q 60. Kh4 Bf6+ 61. Kg3 Qc3+ 62. Kh2 Be5+ 63. Rxe5 Qxe5+ 64. Kg1 Qe1+ 65. Kh2
Qh4+ 0-1

[Event "London Classic Open 2015"]
[Site "London ENG"]
[Date "2015.12.07"]
[Round "5.62"]
[White "Player, Edmund C"]
[Black "Falkowski, Dawid"]
[Result "1-0"]
[WhiteElo "2183"]
[BlackElo "1998"]
[WhiteFideId "406520"]
[BlackFideId "1139142"]
[EventDate "2015.12.04"]

1. e4 e5 2. Nf3 Nc6 3. Nc3 Nf6 4. g3 d5 5. exd5 Nxd5 6. Bg2 Be6 7. d3 Bb4 8. Bd2
f6 9. O-O Qd7 10. Qe1 Be7 11. Nxd5 Bxd5 12. Qe3 O-O 13. Rfe1 Rfe8 14. a3 Rad8
15. Bc3 Bf7 16. Qe4 f5 17. Qe2 Bf6 18. Nd2 e4 19. Bxf6 gxf6 20. Nf1 f4 21. dxe4
Nd4 22. Qd1 Qc6 23. Qg4+ Kh8 24. Qxf4 Nxc2 25. Rac1 Nxe1 26. Rxc6 bxc6 27. Qxf6+
Kg8 28. Ne3 Rd6 29. Qc3 Nxg2 30. Kxg2 Rxe4 31. Qa5 1-0

[Event "London Classic Open 2015"]
[Site "London ENG"]
[Date "2015.12.07"]
[Round "5.63"]
[White "Millward, Kevin P"]
[Black "Murphy, Hugh W"]
[Result "0-1"]
[WhiteElo "1980"]
[BlackElo "2168"]
[WhiteFideId "404721"]
[BlackFideId "422444"]
[EventDate "2015.12.04"]

1. d3 e5 2. g3 d5 3. Bg2 Nf6 4. Nd2 Bd6 5. e4 c6 6. Ne2 O-O 7. O-O Nbd7 8. h3
Re8 9. Kh2 Nc5 10. Nc3 Bc7 11. Nb3 Ne6 12. Qf3 Nd4 13. Qd1 Ne6 14. Qf3 d4 15.
Ne2 c5 16. g4 Nd7 17. Qg3 Ndf8 18. h4 Ng6 19. h5 Ngf4 20. Ng1 b5 21. Nd2 Rb8 22.
Ndf3 Bd6 23. Nh4 Be7 24. Nhf3 Bf6 25. Re1 c4 26. Rd1 h6 27. Bf1 Qc7 28. Nh4 Bxh4
29. Qxh4 cxd3 30. cxd3 b4 31. Bxf4 exf4 32. Rdc1 Qd6 33. f3 Ba6 34. Nh3 f6 35.
Qe1 Rec8 36. Qd2 Kf8 37. Rxc8+ Rxc8 38. Rc1 Rxc1 39. Qxc1 Ke7 40. Be2 Kd7 41.
Kg2 Bb5 42. Kf1 a5 43. Ke1 a4 44. Kd1 a3 45. b3 Qc7 46. Qxc7+ Kxc7 47. Kc2 Kd6
48. Bf1 Ke5 49. Kd2 Nc7 50. Nf2 Bd7 51. Bh3 Be8 52. g5 fxg5 53. Ng4+ Kd6 54. Nf2
Nb5 55. e5+ Kxe5 56. Ne4 Nc3 57. Nc5 Nxa2 58. Na6 Kd6 59. Bg4 Bb5 0-1

[Event "London Classic Open 2015"]
[Site "London ENG"]
[Date "2015.12.07"]
[Round "5.65"]
[White "Ethelontis, Alexandros N"]
[Black "Roque Sola, Gisela"]
[Result "1/2-1/2"]
[BlackTitle "WFM"]
[WhiteElo "2162"]
[BlackElo "1983"]
[WhiteFideId "405469"]
[BlackFideId "5120241"]
[EventDate "2015.12.04"]

1. c4 b6 2. Nc3 Bb7 3. e4 e6 4. Nge2 Nf6 5. d3 d6 6. g3 Be7 7. Bg2 O-O 8. O-O c6
9. d4 e5 10. h3 Nbd7 11. Be3 Ne8 12. Qc2 Nc7 13. Rad1 Qe8 14. Kh2 Rc8 15. Qb1
Ba6 16. b3 Ne6 17. d5 cxd5 18. Nxd5 b5 19. cxb5 Bxb5 20. Rfe1 a6 21. Nec3 Bc6
22. b4 Nc7 23. Nxe7+ Qxe7 24. Qd3 Nb5 25. Nxb5 Bxb5 26. Qxd6 Qxd6 27. Rxd6 Rc4
28. Bf1 Rc7 29. Bxb5 axb5 30. Red1 Nf6 31. f3 Re8 32. Bc5 h6 33. Rd8 Rxd8 34.
Rxd8+ Kh7 35. g4 Nd7 36. Bd6 Ra7 37. Kg3 f6 38. h4 Kg6 39. h5+ Kf7 40. Bb8 Rb7
41. Bd6 Ra7 42. Bc5 Nxc5 43. bxc5 Rxa2 44. Rd7+ Kg8 45. Rb7 Rb2 46. g5 fxg5 47.
Kg4 Rb3 48. Kf5 Rxf3+ 49. Kxe5 g4 50. Rxb5 g3 51. Rb2 Rf2 52. Rb3 g2 53. Rg3 Kf7
54. Kd6 Rd2+ 55. Kc7 Ke6 56. c6 Ke5 57. Rg4 Rc2 58. Kd7 Rd2+ 59. Ke7 Rc2 60. Kd7
Rd2+ 61. Kc8 Rc2 62. c7 Kf6 63. Kb7 Rb2+ 64. Kc6 Rc2+ 65. Kd7 Rd2+ 66. Kc8 Rc2
67. Rg6+ Ke5 68. Rxg7 Kxe4 69. Kd7 Rd2+ 70. Ke6 Rc2 71. Rxg2 Rxc7 72. Kf6 Kf3
73. Rg6 Kf4 74. Rg1 Ra7 75. Kg6 Ra6+ 76. Kg7 Kf3 77. Rg6 Ra7+ 78. Kxh6 Kf4 79.
Rf6+ Kg4 80. Kg6 Ra5 81. h6 Rg5+ 82. Kh7 Kh5 83. Rf1 Ra5 84. Rh1+ Kg5 85. Rg1+
Kh5 86. Rh1+ Kg5 87. Kg7 Ra7+ 88. Kf8 Kg6 1/2-1/2

[Event "London Classic Open 2015"]
[Site "London ENG"]
[Date "2015.12.07"]
[Round "5.66"]
[White "Kalaiyalahan, Akshaya"]
[Black "Ditmas, Hugh"]
[Result "1/2-1/2"]
[WhiteElo "2157"]
[BlackElo "1941"]
[WhiteFideId "422894"]
[BlackFideId "1270666"]
[EventDate "2015.12.04"]

1. d4 Nf6 2. c4 e6 3. Nf3 b6 4. g3 Ba6 5. Qc2 Bb7 6. Bg2 c5 7. O-O Be7 8. Nc3
cxd4 9. Nxd4 Bxg2 10. Kxg2 O-O 11. Rd1 Qc8 12. b3 d5 13. cxd5 Nxd5 14. Nxd5 exd5
15. Qxc8 Rxc8 16. Be3 Na6 17. Nf5 Bf6 18. Bd4 Bxd4 19. Rxd4 Rc2 20. Kf1 Re8 21.
Ne3 Rb2 22. Rxd5 Nb4 23. Rd7 a5 24. a3 Nc2 25. Nxc2 Rxc2 26. e3 Rb2 27. Rd3 Rc8
28. Rad1 Kf8 29. Rd8+ Rxd8 30. Rxd8+ Ke7 31. Rd3 b5 32. Kg2 Ke6 33. e4 g6 34. h4
h5 35. Kf3 f5 36. exf5+ gxf5 37. Ke3 Ke5 38. f4+ Ke6 39. Kd4 Rc2 40. Re3+ Kd6
41. Re5 Rd2+ 42. Kc3 Rd5 43. Re8 Rc5+ 44. Kb2 Rd5 45. Rh8 Rd2+ 46. Kc3 Rg2 47.
Rd8+ Kc5 48. b4+ axb4+ 49. axb4+ Kc6 50. Rd3 Rg1 51. Kd4 Kd6 52. Re3 Rd1+ 53.
Kc3 Rg1 54. Re5 Rxg3+ 55. Kd4 Rg4 56. Rxf5 Rxh4 57. Ke4 Kc6 58. Rc5+ Kb6 59. Ke5
Rh1 60. f5 h4 61. f6 h3 62. f7 Re1+ 63. Kd6 Rf1 64. Ke7 Re1+ 65. Kd6 Rf1 66. Ke6
h2 67. Rh5 Re1+ 68. Kd7 Rd1+ 69. Ke6 Re1+ 70. Kd7 1/2-1/2

[Event "London Classic Open 2015"]
[Site "London ENG"]
[Date "2015.12.07"]
[Round "5.67"]
[White "Boysan, Hasan Ferit"]
[Black "Bates, Caspar J"]
[Result "0-1"]
[WhiteElo "1969"]
[BlackElo "2154"]
[WhiteFideId "6355030"]
[BlackFideId "414760"]
[EventDate "2015.12.04"]

1. e4 e5 2. Nf3 Nc6 3. d3 Nf6 4. Be2 d5 5. Nbd2 g6 6. O-O Bg7 7. c3 O-O 8. a4 a5
9. Re1 b6 10. Bf1 d4 11. Nc4 Nd7 12. cxd4 exd4 13. Bg5 f6 14. Bh4 Nc5 15. Nfd2
Be6 16. f4 g5 17. Bg3 gxf4 18. Bxf4 f5 19. e5 Nb4 20. Nb3 Nxb3 21. Qxb3 Nd5 22.
g3 Nxf4 23. gxf4 Bh6 24. Bg2 Bxf4 25. Qc2 Kh8 26. Qf2 Qg5 27. Kf1 Rad8 28. Bf3
Rg8 29. Ke2 Bxc4 30. Rg1 Qe7 31. Rxg8+ Bxg8 0-1

[Event "London Classic Open 2015"]
[Site "London ENG"]
[Date "2015.12.07"]
[Round "5.68"]
[White "Giannatos, Peter"]
[Black "Phillips, William"]
[Result "1-0"]
[WhiteElo "2149"]
[BlackElo "1901"]
[WhiteFideId "2041650"]
[BlackFideId "414344"]
[EventDate "2015.12.04"]

1. e4 e5 2. Nf3 Nc6 3. Bb5 a6 4. Ba4 Nf6 5. O-O Be7 6. d3 b5 7. Bb3 O-O 8. a4
Bb7 9. Nc3 b4 10. Ne2 d5 11. exd5 Nxd5 12. Re1 Bf6 13. a5 Nd4 14. Nfxd4 exd4 15.
Ng3 Re8 16. Ne4 h6 17. Bd2 Be5 18. Qh5 Bd6 19. Re2 Re5 20. Qf3 Qh4 21. Nxd6 Nf4
22. Qxf4 Qxf4 23. Bxf4 Rxe2 24. Nxb7 Rae8 25. Kf1 1-0